000 00954nam a22002177a 4500
003 0
005 20251107144056.0
008 251107b xxu||||| |||| 00| 0 eng d
020 _a979-8870742977
050 _aPZ 7.1
_b.B75 Ch 2024
100 _aBrinson, Archer,
_eauthor.
245 _a The Christmas donkey /
_cArcher Brinson.
260 _aUnited States :
_b[publisher not identified],
_c 2024.
300 _a1 volume (unpaged) :
_bcolor illustrations ;
_c22 cm.
500 _a"Made in the USA"—Title page verso. Picture book.
520 _aA gentle Christmas story about a young donkey who learns the meaning of kindness and giving during the holiday season. Through a simple but heartwarming journey, the donkey discovers that even small acts of love can make a big difference.
650 _aDonkeys
_vJuvenile Fiction.
650 _aChristmas stories
_vJuvenile fiction.
650 _aFriendship
_vJuvenile fiction.
942 _2lcc
_cBK
999 _c368500
_d368500